000
00285nam a2200097Ia 4500
005
20251222114402.0
008
251222s1900||||xx |||||||||||||| ||spa||
082
_a
DVD0111/J72/2003
245
0
_a
Looney Tunes: lo mejor de Bugs Bunny:Looney Tunes: Collection Best of Bugs Bunny
942
_c
DVD
999
_c
1674
_d
1674